000 00405nam a2200145Ia 4500
008 230917s9999||||xx |||||||||||||| ||und||
040 _e12657
_aMAIN
041 _aEnglish
082 _a301.4443 J51M
100 _aJeteley, Surinder
245 0 _aModernizing Indian peasants: A study of six villages in eastern Uttar Pradesh
260 _aNew Delhi
_bA E S
_c1977
300 _axviii,177 p.
942 _cBK
999 _c71612
_d71612